000 00328nam a22001337a 4500
008 170606b xxu||||| |||| 00| 0 eng d
020 _a9780813119618
041 _aeng
080 _a94(4)
100 _a18
101 _aSHH
245 _aTANKS OVER EUROPE AMERICNA FLYERS INN WORLD WAR
_cKLINKOWITZ.J
942 _2udc
_cBK
999 _c16022
_d16022